| 000 | 00822nam a2200217Ia 4500 | ||
|---|---|---|---|
| 001 | 10800 | ||
| 003 | GE_BSU | ||
| 008 | 181216s||||||||xx |||||||||||||| ||und|| | ||
| 040 | _cGE_BSU | ||
| 080 | _a821.353.1-7 | ||
| 100 | _aქელბაქიანი,გ. | ||
| 245 | _aმოწყენის ჟამს საკითხავად. | ||
| 245 | _bფელეტონი;იუმორესკა;სატირა;ვოდევილი. | ||
| 245 | _cრედ.ილია ხოშტარია; მხატვ.ე.ამბოკაძე. | ||
| 260 | _aთბილისი. | ||
| 260 | _bსაბჭ.საქართველო. | ||
| 260 | _c1970. | ||
| 300 | _a376გვ;17სმ. | ||
| 653 | _aმოწყენის ჟამს საკითხავად. | ||
| 942 | _cBK | ||
| 999 |
_c44048 _d44048 |
||